| 000 | 00343nam a22001337a 4500 | ||
|---|---|---|---|
| 020 | _a9780070436404 | ||
| 040 | _cNUST | ||
| 082 | _a621.314 DAS | ||
| 100 |
_aDasgupta, Indrajit _959262 |
||
| 245 | _aDesign of Transformers | ||
| 260 |
_aNew Dehli; _bMcGraw-Hill Education, _c2010. |
||
| 650 |
_aTransformers-Design _959263 |
||
| 942 |
_2ddc _cBK |
||
| 999 |
_c594717 _d594717 |
||